000 00685nam a2200181 a 4500
001 000009266
005 20200929161533.0
008 090929s2007 dr 000 0 spa d
040 _aDO-SdBNP
082 _axxxx
_bS471n
111 2 _aSeminario nueva ley municipal.
_d(2007 :
_cSanto Domingo)
_923981
245 1 0 _aNueva ley municipal y desarrollo local :
_banálisis de la Ley 176-07 del Distrito Nacional y los municipios.
260 _aSanto Domingo :
_bCentro de Estudios Sociales Padre Juan Montalvo, S.J.,
_c2007.
300 _a160 P. ;
_c24 cm.
500 _aIncluye referencias bibliográficas y notas al pie de las páginas
504 _aIncluye bibliografías
049 _aBNPD
999 _c9028
_d9028